Syntéza, charakterizácia a vlastnosti potenciálnych inhibítorov α-manozidázy II dizertačná práca

Salvato in:
Dettagli Bibliografici
Autore principale: Zajičková, Mária
Natura: Libro
Lingua:slovacco
Pubblicazione: Bratislava STU FCHPT 2019
Accesso online:Visualizza in OPAC
Tags: Aggiungi Tag
Nessun Tag, puoi essere il primo ad aggiungerne!!

MARC

LEADER 00000nam a2200000 a 4500
005 20260127134343.0
008 200528 2019 xo a 001 0 slo d
035 |a vtls011969967 
039 9 |y 202005281140  |z mschk03 
040 |a STUSCHK1  |b slo  |c STUSCHK1  |e AACR2 
100 1 |a Zajičková, Mária 
245 1 |a Syntéza, charakterizácia a vlastnosti potenciálnych inhibítorov α-manozidázy II  |b dizertačná práca  |c Mária Zajíčková 
260 |a Bratislava  |b STU FCHPT  |c 2019 
300 |a 148 s.  |b Obr., tab.  |c 25 cm 
500 |a Študijný program: Organická chémia 
500 |a Študijný odbor: Organická chémia 
500 |a Školiace pracovisko: Chemický ústav SAV 
500 |a Evid. číslo: FCHPT-19989-43611 
910 |a SCHK95 
999 |c 10620  |d 10620